Inventory of household furniture and effects belonging to the late W. Webster, Mountfields, Shrewsbury (Record no. 116462)

MARC details
000 -LEADER
fixed length control field 00763ctm a22001815a 4500
001 - CONTROL NUMBER
control field L140761
008 - FIXED-LENGTH DATA ELEMENTS--GENERAL INFORMATION
fixed length control field 071010s1833 xxk eng u
035 ## - SYSTEM CONTROL NUMBER
System control number (Sirsi) u140761
041 0# - LANGUAGE CODE
Language code of text/sound track or separate title eng
245 00 - TITLE STATEMENT
Title Inventory of household furniture and effects belonging to the late W. Webster, Mountfields, Shrewsbury
Medium [manuscript]
260 ## - PUBLICATION, DISTRIBUTION, ETC.
Date of publication, distribution, etc. [1833]
300 ## - PHYSICAL DESCRIPTION
Extent 1 v.
Dimensions 20 cm. +
Accompanying material 2 sheets (20 x 14 cm. and 20 x 16 cm.)
351 ## - ORGANIZATION AND ARRANGEMENT OF MATERIALS
Hierarchical level Single item
500 ## - GENERAL NOTE
General note A notebook listing goods belonging to W. Webster and their values, and giving details of their sale. Accompanied by two manuscript sheets, one a receipted bill from the valuer, Mr Tisdale, and the other a summary of the valuation and sale.
651 4# - SUBJECT ADDED ENTRY--GEOGRAPHIC NAME
Geographic name Shrewsbury
690 ## - LOCAL SUBJECT ADDED ENTRY--TOPICAL TERM (OCLC, RLIN)
Topical term or geographic name as entry element PROPERTY
942 ## - ADDED ENTRY ELEMENTS (KOHA)
Suppress in OPAC 0
Holdings
Withdrawn status Lost status Source of classification or shelving scheme Damaged status Not for loan Home library Current library Shelving location Date acquired Total Checkouts Full call number Barcode Date last seen Copy number Price effective from Koha item type
    Dewey Decimal Classification     London London Basement 10/10/2007   BASEMENT BOX 2 140761-1001 06/08/2019 1 06/08/2019 Archive